Farm receiverships (Record no. 96491)
[ view plain ]
| 000 -LEADER | |
|---|---|
| fixed length control field | 01075cam a2200277 4500 |
| 008 - FIXED-LENGTH DATA ELEMENTS--GENERAL INFORMATION | |
| fixed length control field | 090401t1997 xxu||||| |||| 00| 0 eng d |
| 020 ## - INTERNATIONAL STANDARD BOOK NUMBER | |
| International Standard Book Number | 085406835X |
| 035 ## - SYSTEM CONTROL NUMBER | |
| System control number | (Sirsi) u78816 |
| 041 0# - LANGUAGE CODE | |
| Language code of text/sound track or separate title | eng |
| 050 04 - LIBRARY OF CONGRESS CALL NUMBER | |
| Classification number | 346.41078 $2 18 |
| 110 2# - MAIN ENTRY--CORPORATE NAME | |
| Corporate name or jurisdiction name as entry element | Royal Institution of Chartered Surveyors |
| 9 (RLIN) | 4900 |
| 245 00 - TITLE STATEMENT | |
| Title | Farm receiverships |
| Medium | [electronic resource] |
| 260 ## - PUBLICATION, DISTRIBUTION, ETC. | |
| Place of publication, distribution, etc. | London |
| Name of publisher, distributor, etc. | RICS |
| Date of publication, distribution, etc. | 1997 |
| 300 ## - PHYSICAL DESCRIPTION | |
| Extent | 17p. |
| Dimensions | 30cm. |
| 350 ## - PRICE (NR) (BK AM CF MU VM SE) [OBSOLETE] | |
| Price | 7.50 |
| 490 #0 - SERIES STATEMENT | |
| Series statement | RICS Information Paper |
| 520 ## - SUMMARY, ETC. | |
| Summary, etc. | Considers standard security, the appointment of a receiver; the types of areas which might need by considered, issues relating to land tenure, consideration of the agricultural changes, legal mortgages and quotas. |
| 520 ## - SUMMARY, ETC. | |
| Summary, etc. | Withdrawn 2 February 2007. |
| 651 #4 - SUBJECT ADDED ENTRY--GEOGRAPHIC NAME | |
| Geographic name | England and Wales |
| Chronological subdivision | 1543- |
| 690 ## - LOCAL SUBJECT ADDED ENTRY--TOPICAL TERM (OCLC, RLIN) | |
| Topical term or geographic name as entry element | MANAGEMENT-CORPORATE RECOVERY |
| 700 1# - ADDED ENTRY--PERSONAL NAME | |
| Personal name | Williams, Peter |
| 700 1# - ADDED ENTRY--PERSONAL NAME | |
| Personal name | Bedford, Richard |
| 856 ## - ELECTRONIC LOCATION AND ACCESS | |
| Uniform Resource Identifier | <a href="https://www.rics.org/profession-standards/knowledge-and-information-services">https://www.rics.org/profession-standards/knowledge-and-information-services</a> |
| Public note | Email [email protected] for a digital copy |
| 942 ## - ADDED ENTRY ELEMENTS (KOHA) | |
| Suppress in OPAC | 0 |
| Source of classification or shelving scheme | Dewey Decimal Classification |
| 948 ## - LOCAL PROCESSING INFORMATION (OCLC); SERIES PART DESIGNATOR (RLIN) | |
| c (OCLC) | 09/06/1997 |
| Withdrawn status | Lost status | Source of classification or shelving scheme | Damaged status | Not for loan | Home library | Current library | Shelving location | Date acquired | Cost, normal purchase price | Total Checkouts | Full call number | Barcode | Date last seen | Copy number | Cost, replacement price | Price effective from | Koha item type | Public note | Date last checked out |
|---|---|---|---|---|---|---|---|---|---|---|---|---|---|---|---|---|---|---|---|
| Dewey Decimal Classification | London | London | RICS Boxes | 14/09/1999 | 7.50 | RICS 1997/54 | 30053610 | 06/08/2019 | 1 | 7.50 | 06/08/2019 | Archive | Please contact [email protected] to request a digital copy | ||||||
| Dewey Decimal Classification | London | London | RICS Boxes | 14/09/1999 | 7.50 | RICS 1997/54 | 30053611 | 06/08/2019 | 2 | 7.50 | 06/08/2019 | Reference material | |||||||
| Dewey Decimal Classification | London | London | RICS Boxes | 14/09/1999 | 7.50 | 4 | RICS 1997/54 | 30053612 | 06/08/2019 | 3 | 7.50 | 06/08/2019 | Book | 03/10/2006 |